Statistics for World's Largest Cities by Century

Click here to take the quiz!

General Stats

  • This quiz has been taken 346 times
  • The average score is 19 of 30

Answer Stats

HintPopulationAnswer% Correct
----1 millionLondon
99%
19006.4 millionLondon
99%
200026.4 millionTokyo
97%
----39.8 millionTokyo
97%
----4.2 millionNew York
96%
----3.3 millionParis
95%
1001 millionRome
94%
----31.1 millionShanghai
93%
16001 millionBeijing
92%
----650 thousandBeijing
92%
1500670 thousandBeijing
92%
18001.1 millionBeijing
92%
----750 thousandGuangzhou
87%
201748.6 millionGuangzhou
84%
----700 thousandIstanbul
78%
----700 thousandIstanbul
78%
----400 thousandCairo
75%
----18.1 millionMumbai
71%
----18.1 millionMexico City
51%
----450 thousandBaghdad
49%
----300 thousandConstantinople
34%
500450 thousandConstantinople
34%
1000450 thousandCordoba
30%
----500 thousandAgra
12%
----300 thousandLuoyang
8%
----400 thousandLuoyang
8%
----400 thousandKaifeng
7%
17001 millionAyutthaya
4%
----500 thousandVijayanagar
3%
----300 thousandSelucia
1%

Score Distribution

Percentile by Number Answered

Percent of People with Each Score

Your Score History

You have not taken this quiz